000 01187nam a2200313 a 4500
005 20160524110928.0
008 140306t2001 cr ad|||r|||| 00| 0 spa d
020 _a9977573778
040 _aCO-BoIAVH
_cCO-BoIAVH
041 0 _aspa
044 _ack
082 0 4 _a634.95
_bV45a
100 1 _aVenegas, Geoffrey
_eautor
245 1 0 _aAprovechamiento con tratamiento silvicultural de impacto reducido en un bosque montano de la cordillera de Talamanca, Costa Rica /
_cGeoffrey Venegas y Bastiaan Louman
260 _aTurrialba :
_bCATIE. Unidad de Manejo de Bosques Naturales,
_cc2001.
300 _a55 páginas :
_bilustraciones y gráficas ;
_c24 x 17 cm.
490 0 _aSerie técnica. Informe técnico / CATIE ;
_v325
500 _aIncluye anexos.
504 _aIncluye referencias bibliográficas.
650 2 4 _aBosques montanos
650 1 6 _aBosque tropical
650 2 6 _aOrdenación forestal
650 2 6 _aSilvicultura
650 2 4 _aAprovechamiento forestal
650 2 6 _aRecursos forestales
_xuso
662 _aCosta Rica
_cCordillera de Talamanca
700 1 _aLouman, Bastiaan
_eautor
942 _cLIBRO
_2ddc
999 _c2534
_d2534